[Event "10th New York Int 2017"]
[Site "New York USA"]
[Date "2017.06.22"]
[Round "3"]
[White "Jacobs,Jon"]
[Black "Krush,I"]
[Result "1/2-1/2"]
[WhiteElo "2289"]
[BlackElo "2435"]

1.e4 c5 2.d4 cxd4 3.c3 Nf6 4.e5 Nd5 5.Nf3 Nc6 6.cxd4 d6 7.Nc3 dxe5 8.Bb5 Nxc3
9.bxc3 exd4 10.O-O e6 11.cxd4 Be7 12.Qe2 O-O 13.Rd1 Nb4 14.Ne5 a6 15.Bc4 b5
16.a3 bxc4 17.axb4 Bb7 18.Qxc4 Rc8 19.Qb3 Qb6 20.Qg3 Rfd8 21.Bh6 Bf8 22.h4 Rxd4
23.Be3 Rxd1+ 24.Rxd1 Qxb4 25.Rd4 Qb1+ 26.Kh2 Bd5 27.Rg4 f5 28.Rg5 Qb7 29.h5 Rc3
30.h6 a5 31.Qh4 Rxe3 32.Rxg7+ Bxg7 33.Qd8+ Bf8 34.Qg5+ Kh8 35.Qf6+ Kg8 36.Qg5+ Kh8
37.Qf6+ Kg8  1/2-1/2

[Event "10th New York Int 2017"]
[Site "New York USA"]
[Date "2017.06.23"]
[Round "4"]
[White "Krush,I"]
[Black "Bonin,J"]
[Result "1-0"]
[WhiteElo "2435"]
[BlackElo "2263"]

1.d4 e6 2.c4 f5 3.g3 Nf6 4.Bg2 c6 5.Nd2 d5 6.Nh3 Bd6 7.O-O O-O 8.Nf3 dxc4
9.Qc2 b5 10.b3 cxb3 11.Qxb3 Na6 12.Nf4 Nc7 13.Nd3 Ncd5 14.Nfe5 Bd7 15.Bb2 Be8
16.Rac1 Rc8 17.Nc5 Qe7 18.e3 a5 19.a4 b4 20.Ned3 Bh5 21.Rfe1 Qf7 22.f3 Nb6
23.e4 fxe4 24.fxe4 e5 25.Qxf7+ Bxf7 26.dxe5 Bxc5+ 27.Nxc5 Ne8 28.Bh3 Nc7
29.e6 Bg6 30.Nd7 Nxa4 31.Nxf8 Rxf8 32.Be5 Nb5 33.Rxc6 Nac3 34.e7 Re8 35.Rf1 Ne2+
36.Kf2 Rxe7 37.Be6+ Rxe6 38.Rxe6 Nec3 39.Ke3 Nxe4 40.Rb6  1-0

[Event "10th New York Int 2017"]
[Site "New York USA"]
[Date "2017.06.23"]
[Round "5"]
[White "Miyasaka,Marcus M"]
[Black "Krush,I"]
[Result "0-1"]
[WhiteElo "2197"]
[BlackElo "2435"]

1.e4 c5 2.Nf3 e6 3.d4 cxd4 4.Nxd4 a6 5.Nc3 Qc7 6.Be2 b5 7.Ncxb5 axb5 8.Nxb5 Qe5
9.Be3 Na6 10.Bd4 Qb8 11.O-O Bb7 12.e5 Nh6 13.g4 Be7 14.f4 O-O 15.f5 exf5
16.gxf5 f6 17.Bc4+ Kh8 18.Bf2 Qc8 19.exf6 Rxf6  0-1

[Event "10th New York Int 2017"]
[Site "New York USA"]
[Date "2017.06.24"]
[Round "6"]
[White "Krush,I"]
[Black "Popilski,G"]
[Result "1/2-1/2"]
[WhiteElo "2435"]
[BlackElo "2544"]

1.c4 c5 2.Nf3 Nf6 3.Nc3 e6 4.g3 Nc6 5.Bg2 d5 6.cxd5 Nxd5 7.O-O Be7 8.Nxd5 exd5
9.d4 O-O 10.Be3 c4 11.Ne5 Bf6 12.Nxc6 bxc6 13.b3 Ba6 14.Qc2 Re8 15.Rab1 cxb3
16.axb3 Bb5 17.Rfd1 Qb6 18.Bf3 Re7 19.Rbc1 Rae8 20.Qc5 h6 21.Rc2 Rxe3 22.fxe3 Rxe3
23.Qxb6 axb6 24.Rb2 c5 25.Kf2 Bxd4 26.Rxd4 cxd4 27.Bxd5 Re5 28.Bc4 Rc5 29.Bxb5 Rxb5
30.Rd2 Rxb3 31.Rxd4 b5 32.Rd7 b4 33.Rb7 Rb1 34.h4 h5 35.Kg2 b3 36.Kf2 f6
37.Kg2 Kh7 38.Kf2 Kg6 39.Kg2 Kh6 40.Rb6 Kg6 41.Rb7 Kh7 42.Kf2 Kg8 43.Rb8+ Kf7
44.Rb7+ Kg8  1/2-1/2

[Event "10th New York Int 2017"]
[Site "New York USA"]
[Date "2017.06.24"]
[Round "7"]
[White "Griffith,Kyron W"]
[Black "Krush,I"]
[Result "1/2-1/2"]
[WhiteElo "2319"]
[BlackElo "2435"]

1.e4 c5 2.Nf3 e6 3.d4 cxd4 4.Nxd4 a6 5.Nc3 Qc7 6.Qf3 Nc6 7.Be3 Bd6 8.O-O-O Be5
9.g3 b5 10.Qe2 Bb7 11.f4 Bxd4 12.Bxd4 Nxd4 13.Rxd4 Qc5 14.Qd2 Bc6 15.Bg2 b4
16.Nd1 a5 17.Ne3 Ne7 18.Rd1 O-O 19.Kb1 Rab8 20.e5 a4 21.Bxc6 dxc6 22.Rc4 Qb5
23.Qd4 Nd5 24.Rc5  1/2-1/2

[Event "10th New York Int 2017"]
[Site "New York USA"]
[Date "2017.06.25"]
[Round "8"]
[White "Krush,I"]
[Black "Bachmann,Ax"]
[Result "1-0"]
[WhiteElo "2435"]
[BlackElo "2653"]

1.d4 Nf6 2.c4 e6 3.Nf3 Bb4+ 4.Bd2 a5 5.Nc3 b6 6.e3 Bb7 7.Bd3 O-O 8.O-O d6
9.Nb5 Bxd2 10.Nxd2 c5 11.Be2 Qe7 12.Bf3 d5 13.Rc1 Rd8 14.Qe2 cxd4 15.exd4 Nc6
16.Rfd1 Ba6 17.Qe3 Rac8 18.a4 Nb4 19.b3 h6 20.Be2 Bb7 21.Nf3 dxc4 22.bxc4 Ne4
23.Ne5 Nf6 24.f4 Ne4 25.Bh5 f5 26.d5 Nc5 27.dxe6 Be4 28.Bf7+ Kh7 29.Ng6 Qf6
30.Rxd8 Rxd8 31.e7 Rb8 32.e8=Q Rxe8 33.Bxe8 Nbd3 34.Rd1 Qd8 35.Ne5  1-0

[Event "10th New York Int 2017"]
[Site "New York USA"]
[Date "2017.06.25"]
[Round "9"]
[White "Krush,I"]
[Black "Zherebukh,Y"]
[Result "1-0"]
[WhiteElo "2435"]
[BlackElo "2642"]

1.d4 d6 2.Nf3 g6 3.c4 Bg7 4.Nc3 Bg4 5.g3 c6 6.Bg2 Qb6 7.e3 Nf6 8.O-O O-O
9.h3 Bxf3 10.Bxf3 Nfd7 11.Qc2 e5 12.Rd1 f5 13.c5 dxc5 14.Na4 Qc7 15.Nxc5 Nxc5
16.dxc5 e4 17.Be2 Nd7 18.Bd2 Rae8 19.Bc3 Bxc3 20.Qxc3 Ne5 21.Rd6 Qg7 22.Kg2 g5
23.Qd4 Re7 24.Rd1 Qf7 25.Rd8 Ree8 26.Rxe8 Rxe8 27.b3 Kg7 28.Rd2 h5 29.Qc3 Kh7
30.Rd4 h4 31.Qd2 hxg3 32.fxg3 Qe7 33.Rd6 b6 34.Qd4 bxc5 35.Qxc5 Qg7 36.Qd4 Re7
37.Bh5 c5 38.Qd5 c4 39.bxc4 Rb7 40.Re6 Rb2+ 41.Kf1 Rb1+ 42.Bd1 Ng6 43.Rd6 Qf8
44.Qe6  1-0

[Event "45th Annual World Open"]
[Site "Philadelphia USA"]
[Date "2017.07.02"]
[Round "4"]
[White "Cooke,E"]
[Black "Krush,I"]
[Result "0-1"]
[WhiteElo "2118"]
[BlackElo "2435"]

1.e4 c5 2.Nf3 e6 3.d4 cxd4 4.Nxd4 a6 5.Bd3 Nf6 6.Nc3 Qc7 7.O-O Be7 8.Be3 d6
9.f4 Nbd7 10.a4 b6 11.Qf3 Bb7 12.Rae1 Nc5 13.Kh1 O-O 14.Bd2 Nfd7 15.Qh3 Bf6
16.Nf3 Nxd3 17.cxd3 Rac8 18.f5 exf5 19.Qxf5 h6 20.Rc1 Qd8 21.d4 Re8 22.Nd5 Re6
23.Rxc8 Bxc8 24.h3 Bb7 25.Nxf6+ Qxf6 26.Qxf6 Nxf6 27.e5 Ne4 28.Bf4 g5 29.Bh2 dxe5
30.Nxe5 f6 31.Nc4 b5 32.axb5 axb5 33.Ne3 Nd2 34.Re1 Nc4 35.Bg1 Bd5 36.b4 Kf7
37.Nc2 Ra6 38.Ra1 Ra4 39.Bf2 Be4 40.Rxa4 bxa4 41.Na1 Ke6 42.Kg1 Kd5 43.Kf1 Nd2+
44.Ke2 Nb3  0-1

[Event "45th Annual World Open"]
[Site "Philadelphia USA"]
[Date "2017.07.04"]
[Round "9"]
[White "Ruiz C,J"]
[Black "Krush,I"]
[Result "0-1"]
[WhiteElo "2367"]
[BlackElo "2435"]

1.e4 c5 2.Nf3 e6 3.d4 cxd4 4.Nxd4 Nc6 5.Nc3 Qc7 6.Be3 a6 7.Qd2 Nf6 8.O-O-O Be7
9.f3 b5 10.g4 Nxd4 11.Bxd4 Bb7 12.h4 O-O 13.h5 Rfc8 14.g5 Ne8 15.g6 b4 16.h6 fxg6
17.hxg7 bxc3 18.Bxc3 Bd6 19.Kb1 Bf4 20.Qxd7 Qxd7 21.Rxd7 Rd8 22.Bc4 Rxd7
23.Bxe6+ Rf7 24.Bxf7+ Kxf7 25.Rxh7 Bc6  0-1

[Event "World Rapid Women 2017"]
[Site "Riyadh KSA"]
[Date "2017.12.26"]
[Round "1.21"]
[White "Batchimeg,Tuvshintugs"]
[Black "Krush,I"]
[Result "0-1"]
[WhiteElo "2398"]
[BlackElo "2431"]

1.d4 Nf6 2.c4 c5 3.d5 g6 4.Nc3 Bg7 5.g3 O-O 6.Bg2 e6 7.Nf3 exd5 8.cxd5 d6
9.O-O Re8 10.Nd2 a6 11.a4 Nbd7 12.Nc4 Ne5 13.Nxe5 Rxe5 14.e4 Re8 15.Bg5 Rb8
16.Qd3 Qc7 17.Rfe1 Ng4 18.Bf4 c4 19.Qd2 b5 20.axb5 axb5 21.h3 Ne5 22.Bxe5 Bxe5
23.Ne2 Qc5 24.Ra5 Bd7 25.Rea1 Rec8 26.Ra7 Rc7 27.Rxc7 Qxc7 28.f4 Qc5+ 29.Kh2 Bg7
30.Ra5 Qf2 31.Ra6 b4 32.Rxd6 c3 33.bxc3 bxc3 34.Qd1 Rb2 35.Qf1 Qxe2 36.Qxe2 Rxe2
37.Rxd7 c2 38.Rd8+ Bf8 39.Rc8 Kg7 40.e5 Ba3  0-1

[Event "World Rapid Women 2017"]
[Site "Riyadh KSA"]
[Date "2017.12.26"]
[Round "2.12"]
[White "Krush,I"]
[Black "Mammadova,G"]
[Result "0-1"]
[WhiteElo "2431"]
[BlackElo "2357"]

1.c4 e5 2.e3 Nc6 3.Nc3 Nf6 4.Nf3 Be7 5.Qc2 O-O 6.a3 a5 7.b3 d5 8.cxd5 Nxd5
9.Bb2 Bg4 10.Bb5 Bf6 11.Bxc6 bxc6 12.Ne4 Bxf3 13.gxf3 Ra6 14.Ke2 Re8 15.Rhc1 g6
16.Nc5 Rb6 17.Na4 Ra6 18.Qc4 Qc8 19.Rc2 e4 20.Bxf6 exf3+ 21.Kxf3 Qf5+ 22.Kg2 Nxf6
23.f3 Raa8 24.Qxc6 Qg5+ 25.Kh1 Rab8 26.Rc5 Qh4 27.Rc4 Qg5 28.Rg1 Qe5 29.Qxc7 Rxb3
30.Qxe5 Rxe5 31.Rc3 Rbb5 32.Rgc1 Rbd5 33.Rc5 Kf8 34.Kg2 Rxd2+ 35.Kg1 Rxe3
36.Rxa5 Rxa3 37.Ra7 Kg7 38.Ra6 Rda2 39.Rc4 Rd3 40.Rc1 Rdd2 41.Ra7 Rd4  0-1

[Event "World Rapid Women 2017"]
[Site "Riyadh KSA"]
[Date "2017.12.26"]
[Round "3.23"]
[White "Saduakassova,D"]
[Black "Krush,I"]
[Result "1-0"]
[WhiteElo "2460"]
[BlackElo "2431"]

1.d4 Nf6 2.c4 c5 3.d5 g6 4.Nc3 Bg7 5.e4 d6 6.Bd3 O-O 7.h3 e6 8.Nge2 Nbd7
9.Bf4 Ne5 10.O-O Nxd3 11.Qxd3 exd5 12.exd5 Nh5 13.Bh2 f5 14.f4 Bd7 15.Rab1 Qa5
16.Bg3 Nxg3 17.Nxg3 a6 18.Rfe1 Rfe8 19.a3 b5 20.Nf1 b4 21.Ne2 Re7 22.Nd2 Rae8
23.Kf2 Bf6 24.Nf3 Kg7 25.Qd2 Qb6 26.axb4 cxb4+ 27.Kf1 a5 28.Ned4 Re4 29.Red1 a4
30.Rbc1 Qc5 31.Rc2 a3 32.Nb3 Qa7 33.Ra1 Re3 34.Qxb4 Qb8 35.Qxb8 Rxb8 36.Nbd4 Re4
37.Rxa3 Bxd4 38.Nxd4 Rxd4 39.Ra7 Rd8 40.b4 Rxf4+ 41.Kg1 Kf6 42.b5 Rd4 43.Kf2 Rd1
44.Rb2 Be8 45.b6 Rb8 46.b7 g5 47.Ra8 Rxb7 48.Rxb7 Bg6 49.Rd8 Ke5 50.Re7+ Kd4
51.Rxd6 Kxc4 52.Rc6+ Kxd5 53.Rxg6  1-0

[Event "World Rapid Women 2017"]
[Site "Riyadh KSA"]
[Date "2017.12.26"]
[Round "4.31"]
[White "Krush,I"]
[Black "Cori T.,D"]
[Result "0-1"]
[WhiteElo "2431"]
[BlackElo "2389"]

1.c4 Nf6 2.Nc3 g6 3.e4 d6 4.d4 Bg7 5.Nf3 O-O 6.Be2 Bg4 7.Nd2 Bxe2 8.Qxe2 Nc6
9.d5 Nd4 10.Qd1 e5 11.O-O Nd7 12.Nf3 Nxf3+ 13.Qxf3 f5 14.Qe2 Qh4 15.Bd2 a5
16.f3 Rf7 17.Be3 b6 18.a3 Nf6 19.Qc2 Bh6 20.Bf2 Qh5 21.b4 Bf4 22.h3 Qg5 23.Qd3 Bd2
24.bxa5 Bxc3 25.Qxc3 Rxa5 26.Qc2 fxe4 27.fxe4 Nh5 28.Kh2 Ra8 29.a4 Qf4+ 30.Kg1 Raf8
31.Qe2 Qg5 32.Qg4 Qxg4 33.hxg4 Nf6 34.Rfe1 Nxg4 35.Bg3 g5 36.a5 bxa5 37.Rxa5 h5
38.c5 h4 39.Bh2 Ne3 40.Raa1 Nc2 41.cxd6 cxd6 42.Rec1 Nxa1 43.Rxa1 g4  0-1

[Event "World Rapid Women 2017"]
[Site "Riyadh KSA"]
[Date "2017.12.26"]
[Round "5.40"]
[White "Krush,I"]
[Black "Badelka,Olga"]
[Result "1-0"]
[WhiteElo "2431"]
[BlackElo "2388"]

1.c4 c5 2.g3 Nc6 3.Bg2 g6 4.Nc3 Bg7 5.Nf3 e5 6.O-O Nge7 7.a3 d6 8.Rb1 a5
9.Ne1 O-O 10.Nc2 Be6 11.Ne3 f5 12.d3 Kh8 13.Ned5 h6 14.Bd2 Rb8 15.b4 axb4
16.axb4 cxb4 17.Nxb4 Nxb4 18.Rxb4 d5 19.cxd5 Nxd5 20.Nxd5 Bxd5 21.Rb5 Bxg2
22.Kxg2 Qd7 23.Qb3 Rf7 24.Rb1 Kh7 25.Be3 f4 26.Ba7 Ra8 27.Rxb7 Qxb7+ 28.Qxb7 Rxa7
29.Qe4 Ra6 30.Rb8 h5 31.Qd5 Raa7 32.f3 fxg3 33.hxg3 Rad7 34.Qe6 Rde7 35.Qb6 Rf6
36.Qc5 Ref7 37.Re8 Rf5 38.Qc4 Kh6 39.Re6 Kh7 40.Qe4 Kg8 41.Rxg6 R5f6 42.Rg5 Rh6
43.Qd5 h4 44.gxh4 Rxh4 45.Qxe5 Rh6 46.Qd5 Rf6 47.Qc4 Kh7 48.Rg4 Re7 49.d4 Rfe6
50.e4 Rb6 51.Qc5 Reb7 52.Qf5+ Kg8 53.e5 Rf7 54.Qc8+ Rf8 55.Rxg7+  1-0

[Event "World Rapid Women 2017"]
[Site "Riyadh KSA"]
[Date "2017.12.27"]
[Round "6.31"]
[White "Kulon,K"]
[Black "Krush,I"]
[Result "0-1"]
[WhiteElo "2370"]
[BlackElo "2431"]

1.c4 c5 2.g3 Nc6 3.Bg2 g6 4.Nc3 Bg7 5.e3 d6 6.Nge2 h5 7.h4 Bg4 8.O-O Nf6
9.d4 O-O 10.d5 Ne5 11.f3 Bd7 12.b3 a6 13.a4 b5 14.axb5 axb5 15.Rxa8 Qxa8
16.f4 Neg4 17.Nxb5 Bxb5 18.cxb5 Qa5 19.Qd3 Rb8 20.Nc3 Ne8 21.Bd2 Nc7 22.Bf3 Bxc3
23.Bxc3 Qxb5 24.Qd2 Qxb3 25.f5 Nb5 26.Bxg4 Qxc3 27.Qe2 hxg4 28.fxg6 fxg6
29.Qxg4 Qxe3+ 30.Kh1 Qd3 31.Qe6+ Kh8 32.Qf7 Nc3 33.Kh2 Nxd5 34.Kh3 Nf6 35.Rf2 Rb3
36.Qf8+ Ng8 37.Qf4 Qf5+ 38.Qxf5 gxf5 39.Rxf5 Nf6 40.h5 Kg7 41.Kh4 Rb4+ 42.Kh3 Kh6
43.Rf1 Kxh5 44.Re1 Re4 45.Rb1 c4 46.Rb7 c3 47.Rc7 Nd5 48.Rc8 Re2 49.g4+ Kg5
50.Kg3 Re3+ 51.Kf2 Kxg4 52.Rc4+ Kf5 53.Rd4 Ke5  0-1

[Event "World Rapid Women 2017"]
[Site "Riyadh KSA"]
[Date "2017.12.27"]
[Round "7.23"]
[White "Krush,I"]
[Black "Zhukova,N"]
[Result "1-0"]
[WhiteElo "2431"]
[BlackElo "2444"]

1.c4 e6 2.Nc3 d5 3.d4 Nf6 4.cxd5 Nxd5 5.e4 Nxc3 6.bxc3 c5 7.Rb1 Be7 8.Nf3 O-O
9.Bd3 cxd4 10.cxd4 Nc6 11.Bc4 a6 12.a4 Bb4+ 13.Bd2 Bxd2+ 14.Qxd2 Na5 15.Be2 Bd7
16.Rb4 Qc7 17.O-O Rfc8 18.Ne5 Be8 19.Nc4 Rd8 20.Nb6 Rab8 21.Rc1 Nc6 22.d5 Qd6
23.Rbb1 e5 24.Bd3 Nd4 25.Qb4 Qg6 26.Qe7 f6 27.Rc7 Nf3+ 28.Kh1 Nh4 29.Bf1 h5
30.f3 Qh6 31.d6 Ng6 32.Qe6+ Kh8 33.d7 Nf4 34.dxe8=Q+ Rxe8 35.Qf7 Rf8 36.Qb3 Rbd8
37.Nd5 Ne6 38.Re7 Nd4 39.Qc3 b5 40.axb5 axb5 41.Ra1 Rc8 42.Rc7 Rxc7 43.Nxc7 h4
44.Nxb5 Nxb5 45.Bxb5 h3 46.g3 Rd8 47.Bf1 Kh7 48.Re1 Qh5 49.Qe3 Rb8 50.Kg1 Rb2
51.Qc3 Ra2 52.Qb3 Rd2 53.Rd1 Qh6 54.Rxd2 Qxd2 55.Bxh3 Qd4+ 56.Kf1 Qa1+ 57.Kg2 Qe1
58.Qc2 Qe3 59.Bf5+ Kh6 60.h4 g6 61.Be6 Qb6 62.Bd5 Qd4 63.Qc8  1-0

[Event "World Rapid Women 2017"]
[Site "Riyadh KSA"]
[Date "2017.12.27"]
[Round "9.19"]
[White "Krush,I"]
[Black "Buksa,N"]
[Result "0-1"]
[WhiteElo "2431"]
[BlackElo "2385"]

1.c4 e6 2.Nc3 d5 3.d4 a6 4.cxd5 exd5 5.Bf4 c6 6.Qc2 Bd6 7.Bxd6 Qxd6 8.e3 Nf6
9.Bd3 Nbd7 10.Nf3 Nf8 11.Ne5 Ng6 12.f4 Ng4 13.Nxg4 Bxg4 14.f5 Ne7 15.O-O f6
16.Na4 g6 17.fxg6 hxg6 18.Bxg6+ Kd8 19.g3 f5 20.Bxf5 Nxf5 21.Rxf5 Bxf5 22.Qxf5 Qe7
23.Nc5 Kc7 24.Re1 Rae8 25.e4 Rhf8 26.Qg4 Qf7 27.Kh1 b6 28.Nxa6+ Kb7 29.Nb4 Rxe4
30.Qd1 Qf2 31.Nd3 Rxe1+ 32.Qxe1 Qxe1+  0-1

[Event "World Rapid Women 2017"]
[Site "Riyadh KSA"]
[Date "2017.12.27"]
[Round "10.24"]
[White "Ding Yixin"]
[Black "Krush,I"]
[Result "0-1"]
[WhiteElo "2424"]
[BlackElo "2431"]

1.e4 c5 2.Nf3 e6 3.d4 cxd4 4.Nxd4 Nc6 5.Nc3 Qc7 6.Be2 a6 7.O-O Nf6 8.Be3 Be7
9.f4 d6 10.Kh1 O-O 11.Qe1 Nxd4 12.Bxd4 b5 13.a3 Bb7 14.Qg3 Bc6 15.Rae1 Rad8
16.Bd3 Qd7 17.Re3 g6 18.e5 dxe5 19.Bxe5 Qb7 20.Qh3 Nh5 21.Ne4 f5 22.Ng5 Bxg5
23.fxg5 Qe7 24.Qh4 h6 25.Bf6 Nxf6 26.gxf6 Qxf6 27.Qxh6 Rf7 28.Rg3 Rg7 29.h3 Rd4
30.b3 Kf7 31.Qe3 Rh7 32.Kh2 Rhh4 33.c3 Rd7 34.Qc5 Bb7 35.c4 Rhd4 36.Be2 Rd2
37.Rf2 Qd4 38.Qxd4 R7xd4 39.cxb5 axb5 40.Kg1 Bc6 41.Rc3 Rd6 42.Bf3 Bxf3 43.Rcxf3 Rd1+
44.Kh2 Ra1 45.b4 Ra6 46.Rc2 R1xa3 47.Rxa3 Rxa3 48.Rc5 Rb3 49.Rxb5 g5 50.Rb8 Kf6
51.b5 Ke5 52.b6 Kf4 53.b7 e5 54.Kg1 e4 55.Rf8 Rxb7 56.g4 Kg3 57.Kf1 f4 58.Re8 Kf3
59.Ke1 e3 60.Kd1 Rb1+ 61.Kc2 Rh1 62.Re5 e2  0-1

[Event "World Rapid Women 2017"]
[Site "Riyadh KSA"]
[Date "2017.12.28"]
[Round "11.17"]
[White "Krush,I"]
[Black "Mamedjarova,T"]
[Result "0-1"]
[WhiteElo "2431"]
[BlackElo "2260"]

1.c4 e6 2.Nc3 d5 3.d4 Nf6 4.cxd5 exd5 5.Bg5 Be7 6.e3 c6 7.Qc2 O-O 8.Bd3 Nbd7
9.Nf3 Re8 10.h3 Nf8 11.Bf4 Bd6 12.Bxd6 Qxd6 13.O-O Ng6 14.Rab1 a5 15.a3 Qe7
16.Rfc1 Ne4 17.Bxe4 dxe4 18.Nd2 Bf5 19.Ne2 Nh4 20.Ng3 Qd7 21.Kh2 a4 22.Qc5 g6
23.Nc4 Rad8 24.Nb6 Qe6 25.Rc2 h6 26.Rbc1 Bxh3 27.gxh3 Nf3+ 28.Kg2 Nh4+ 29.Kf1 Qxh3+
30.Ke2 Nf3 31.Rh1 Qg2 32.Rcc1 Nxd4+ 33.exd4 e3 34.Kd3 exf2 35.Nf5 Qe4+ 36.Kc3 gxf5
37.Rcf1 Qe2 38.Nc4 Rd5 39.Qa7 Qf3+ 40.Kc2 Qb3+ 41.Kb1 Qxc4 42.Rxf2 Rxd4 43.Rc1 Qd3+
44.Ka1 Rc4 45.Rg1+ Rg4 46.Rc1 Qb5 47.Rfc2 Rge4 48.Qg1+ Kh7 49.Qf2 Re2 50.Rxe2 Rxe2
51.Qd4 Qe5 52.Qb4 f4 53.Qxb7 Qf6 54.Rxc6 Re1+ 55.Ka2 Qf5 56.Rc2 Qe6+ 57.b3 axb3+
58.Qxb3 Ra1+  0-1

[Event "World Rapid Women 2017"]
[Site "Riyadh KSA"]
[Date "2017.12.28"]
[Round "12.24"]
[White "Galojan,L"]
[Black "Krush,I"]
[Result "0-1"]
[WhiteElo "2300"]
[BlackElo "2431"]

1.Nf3 c5 2.c4 g6 3.Nc3 Bg7 4.g3 Nc6 5.Bg2 d6 6.O-O e6 7.a3 Nge7 8.b4 cxb4
9.axb4 Nxb4 10.Ba3 Nbc6 11.Nb5 O-O 12.Nxd6 Bxa1 13.Qxa1 f6 14.d4 Qa5 15.Qb2 Rb8
16.Bc5 a6 17.Ra1 Qc7 18.Ne4 f5 19.Ned2 b5 20.Qc2 b4 21.e4 fxe4 22.Nxe4 b3
23.Qb2 Bb7 24.Bd6 Qb6 25.Bxb8 Nxb8 26.Nfd2 Bxe4 27.Bxe4 Nbc6 28.c5 Qb4 29.Nxb3 Rb8
30.Rb1 Na5 31.Bc2 Nec6 32.Qa2 Qc4 33.Bd1 Kf7 34.Rb2 Qc3 35.Qb1 Nxd4 36.Nxa5 Rxb2
37.Qe4 Qxa5 38.Qf4+ Kg8 39.Bg4 Qxc5 40.Qf6 Qd6 41.h4 Rb8 42.h5 Rf8 43.Qg5 Qd5
44.Qh6 Nf3+ 45.Bxf3 Qxf3  0-1

[Event "World Rapid Women 2017"]
[Site "Riyadh KSA"]
[Date "2017.12.28"]
[Round "13.20"]
[White "Krush,I"]
[Black "Berend,E"]
[Result "1-0"]
[WhiteElo "2431"]
[BlackElo "2303"]

1.c4 e5 2.e3 Nf6 3.Nc3 c6 4.Nf3 d6 5.Be2 Be7 6.O-O O-O 7.Qc2 Re8 8.d4 Bf8
9.e4 exd4 10.Nxd4 Nbd7 11.Bf4 Nc5 12.Bf3 Bg4 13.Bxg4 Nxg4 14.Rad1 Qf6 15.Bg3 h5
16.Qe2 Qg6 17.f3 Nf6 18.Qd2 Rad8 19.Kh1 d5 20.cxd5 cxd5 21.e5 h4 22.Bxh4 Rxe5
23.Bg3 Rh5 24.Bf4 Qh7 25.g4 Rh3 26.Rfe1 Bd6 27.Bxd6 Rxd6 28.Qf4 Rd8 29.Re2 Nd3
30.Qg5 Re8 31.Rxe8+ Nxe8 32.Rd2 Nf6 33.Nxd5 Kf8 34.Nxf6 gxf6 35.Qxf6 Ne1
36.Ne6+  1-0

[Event "World Rapid Women 2017"]
[Site "Riyadh KSA"]
[Date "2017.12.28"]
[Round "14.16"]
[White "Zimina,O"]
[Black "Krush,I"]
[Result "0-1"]
[WhiteElo "2415"]
[BlackElo "2431"]

1.Nf3 c5 2.c4 g6 3.e4 Bg7 4.d4 cxd4 5.Nxd4 Nc6 6.Nc2 Nf6 7.Nc3 O-O 8.Be2 d6
9.O-O a5 10.Na3 a4 11.Be3 Qa5 12.f3 Nd7 13.Rc1 Nc5 14.Nab5 Be6 15.Qd2 Rfc8
16.Rfd1 Qb4 17.Nd5 Qxd2 18.Rxd2 Bxd5 19.cxd5 Nb4 20.Bxc5 Rxc5 21.Rxc5 dxc5
22.a3 Na6 23.Bd1 Nb8 24.Nc3 Nd7 25.d6 e6 26.Kf1 Kf8 27.Be2 Ra5 28.Nb5 Bh6
29.Rd1 Bg7 30.Rd2 Bh6 31.Rd1 Bg7 32.Rd2 Ke8 33.g3 g5 34.Kf2 Nb6 35.Rc2 c4
36.Nc3 Bd4+ 37.Kg2 Kd7 38.Nd1 Rc5 39.f4 gxf4 40.gxf4 Kxd6 41.e5+ Kc7 42.Rd2 Rd5
43.Bf3 Rd8 44.Be4 h6 45.Kf3 Nc8 46.Rc2 b5 47.Ne3 Ne7 48.Ng4 h5 49.Nf6 Bc5
50.Nxh5 Nc6 51.Bxc6 Kxc6 52.h4 Rd3+ 53.Kg4 c3 54.bxc3 Bxa3 55.Nf6 Bf8 56.h5 a3
57.Ng8 Rd1 58.h6 Rg1+ 59.Kf3 Rxg8 60.h7 Rh8 61.Rh2 Kc5 62.Kg4 Kc4 63.Kg5 Bg7
64.Ra2 Kb3  0-1

[Event "World Rapid Women 2017"]
[Site "Riyadh KSA"]
[Date "2017.12.28"]
[Round "15.11"]
[White "Assaubayeva,Bibisara"]
[Black "Krush,I"]
[Result "1-0"]
[WhiteElo "2381"]
[BlackElo "2431"]

1.d4 Nf6 2.c4 c5 3.d5 g6 4.Nc3 Bg7 5.e4 d6 6.Bd3 O-O 7.h3 e6 8.Nf3 Nbd7 9.O-O e5
10.Re1 a6 11.a4 b6 12.Bg5 h6 13.Be3 Nh7 14.Qc1 f5 15.exf5 gxf5 16.Bxh6 e4
17.Bxe4 fxe4 18.Nxe4 Rxf3 19.gxf3 Ne5 20.Bxg7 Nxf3+ 21.Kh1 Nxe1 22.Qh6 Nf3
23.Nf6+ Nxf6 24.Bxf6 Bf5 25.Qg7+  1-0

[Event "ch-USA w 2018"]
[Site "Saint Louis USA"]
[Date "2018.04.18"]
[Round "1.2"]
[White "Gorti,Akshita"]
[Black "Krush,I"]
[Result "1/2-1/2"]
[WhiteElo "2252"]
[BlackElo "2422"]

1.Nf3 Nf6 2.e3 d5 3.c4 e6 4.b3 c5 5.Bb2 Nc6 6.cxd5 exd5 7.Bb5 Bd6 8.O-O O-O
9.d4 Bg4 10.dxc5 Bxc5 11.Bxc6 bxc6 12.Nbd2 Bd6 13.Qc2 Bd7 14.e4 Be7 15.Rad1 h6
16.Rfe1 Rc8 17.h3 Re8 18.Ne5 Bb4 19.Re3 Bf8 20.Ndf3 Qb6 21.Nxd7 Nxd7 22.Re2 Qa6
23.Rde1 Bb4 24.Bc3 Bxc3 25.Qxc3 Nf6 26.e5 Ne4 27.Qc2 Qb6 28.Rc1 a5 29.Qd3 Red8
30.Rec2 c5 31.Qe3 Re8 32.Qd3 Rcd8 33.h4 a4 34.Nd2 Nxf2 35.Qe3 Ng4 36.Qxc5 Qxc5+
37.Rxc5 axb3 38.axb3 Nxe5 39.Ra5 Nd3 40.Rc3 Re1+ 41.Kh2 Nf4 42.Rf3 g5 43.Rf2 Rde8
44.hxg5 hxg5 45.Nf3 R1e2 46.Ra2 f6 47.Nd4 R2e7 48.Rf1 Kf7 49.g3 Ne6 50.Nf5 Rd7
51.Raf2 Kg6 52.Ne3 Nf4 53.gxf4 Rxe3 54.fxg5 fxg5 55.b4 Rb3 56.Rf6+ Kh5 57.Rb6 d4
58.b5 Rd5 59.Rd1 Re5 60.Rd2 d3 61.Kg2 Kg4 62.Rb8 Rc5 63.Rd8 Rc2 64.Rxd3 Rxd2+
65.Rxd2 Rxb5 66.Rd4+ Kf5 67.Kf2 g4 68.Kg3 Rb3+ 69.Kg2 Kg5 70.Rd8 Rb2+  1/2-1/2

[Event "ch-USA w 2018"]
[Site "Saint Louis USA"]
[Date "2018.04.19"]
[Round "2.3"]
[White "Krush,I"]
[Black "Derakhshani,D"]
[Result "1-0"]
[WhiteElo "2422"]
[BlackElo "2306"]

1.Nf3 Nf6 2.g3 g6 3.Bg2 Bg7 4.c4 c6 5.d4 d5 6.Nbd2 O-O 7.O-O Qb6 8.b3 Bf5
9.Bb2 Rd8 10.Rc1 Ne4 11.e3 Nd7 12.Qe2 Qa6 13.a3 Ndc5 14.Nxe4 dxe4 15.Nd2 Nd3
16.Rb1 Nxb2 17.Rxb2 c5 18.Nxe4 cxd4 19.exd4 Qxa3 20.Ra2 Qb4 21.d5 Qxb3 22.Nc5 Qb4
23.Nxb7 Qxb7 24.d6 Qc8 25.dxe7 Re8 26.Bxa8 Qxa8 27.Rd1 Be6 28.Rad2 Qb7 29.c5 Bf6
30.Rd8 Qxe7 31.Rxe8+ Qxe8 32.Qf3 Be5 33.Qb7 Qa4 34.Re1 Bd4 35.Qe4 Qc4 36.c6 Bd5
37.Qf4 Qc3 38.Rc1 Qf3 39.Qxf3 Bxf3 40.c7 Bb7 41.c8=Q+ Bxc8 42.Rxc8+ Kg7 43.g4 g5
44.Kf1 h5 45.gxh5 Kh6 46.Rf8 f6 47.Rh8+ Kg7 48.Rd8 Be5 49.h3 Kh6 50.Rh8+ Kg7
51.Ra8 Kh6 52.Rxa7 Kxh5 53.Ra8 Kg6 54.Ke2 Kf5 55.Kf3 Bd4 56.Ra4 Bc3 57.Rc4 Be5
58.Rc5 Kg6 59.Ke4 Bf4 60.h4 Bd2 61.hxg5 Bxg5 62.f4 Bh4 63.f5+ Kg5 64.Rc8 Kg4
65.Rg8+ Bg5 66.Rg6 Kh4 67.Kd5  1-0

[Event "ch-USA w 2018"]
[Site "Saint Louis USA"]
[Date "2018.04.20"]
[Round "3.1"]
[White "Sharevich,A"]
[Black "Krush,I"]
[Result "1-0"]
[WhiteElo "2281"]
[BlackElo "2422"]

1.d4 Nf6 2.Nf3 e6 3.Bf4 b6 4.e3 Bb7 5.Nbd2 c5 6.Nc4 d5 7.Nce5 Bd6 8.Bb5+ Ke7
9.c3 Qc7 10.Ng5 Rf8 11.Qc2 h6 12.Ngf3 c4 13.Qe2 Nc6 14.Bxc6 Bxc6 15.g4 Be8
16.Nd2 Ng8 17.Bg3 f6 18.Nef3 Bg6 19.e4 Bxg3 20.hxg3 Kf7 21.Nh4 Bxe4 22.Nxe4 dxe4
23.Qxe4 Ne7 24.O-O Qc6 25.Qe2 b5 26.Rae1 Nd5 27.Qe4 Ne7 28.Qc2 Rfd8 29.Re3 Rd6
30.Rfe1 Nd5 31.R3e2 a5 32.Qg6+ Kf8 33.f4 Ne7 34.Qh7 Re8 35.g5 hxg5 36.fxg5 Qd5
37.gxf6 gxf6 38.Re5 Qc6 39.Rh5 Rd5 40.Qh8+ Ng8 41.Ng6+ Kf7 42.Qh7+  1-0

[Event "ch-USA w 2018"]
[Site "Saint Louis USA"]
[Date "2018.04.21"]
[Round "4.3"]
[White "Feng,Maggie"]
[Black "Krush,I"]
[Result "0-1"]
[WhiteElo "2243"]
[BlackElo "2422"]

1.Nf3 c5 2.e4 d6 3.Bb5+ Nd7 4.a4 Nf6 5.Nc3 e6 6.O-O Be7 7.a5 O-O 8.Re1 Ng4
9.d4 cxd4 10.Nxd4 Nge5 11.f4 a6 12.Bf1 Nc6 13.Nb3 b6 14.axb6 Nxb6 15.Be3 Bb7
16.Na4 Nd7 17.Qd2 Qc7 18.Qf2 Bf6 19.Nb6 Rab8 20.Nxd7 Qxd7 21.c3 Ba8 22.Nd4 Nxd4
23.Bxd4 Bxd4 24.cxd4 Bb7 25.Bxa6 Bxa6 26.Rxa6 d5 27.exd5 Qxd5 28.Raa1 Rb4
29.Red1 Rfb8 30.Rd2 g6 31.h3 R8b5 32.Rc1 Qb7 33.Rcc2 h5 34.Kh2 Kg7 35.Kg1 Qe4
36.Rc1 Rf5 37.Rf1 Qb7 38.Re1 Rfb5 39.Ree2 Ra4 40.Re5 Rbb4 41.f5 exf5 42.d5 Rf4
43.Qe3 h4 44.Re8 Ra1+ 45.Kh2 Rff1 46.Qd4+ f6 47.g4 Qc7+ 48.d6 Rh1+ 49.Kg2 Qc6+
50.Qd5 Qxe8 51.d7 Rag1+ 52.Kf2 Qe1+ 53.Kf3 Rg3+ 54.Kf4 Qe3+  0-1

[Event "ch-USA w 2018"]
[Site "Saint Louis USA"]
[Date "2018.04.22"]
[Round "5.1"]
[White "Krush,I"]
[Black "Paikidze,N"]
[Result "1/2-1/2"]
[WhiteElo "2422"]
[BlackElo "2352"]

1.d4 Nf6 2.c4 e6 3.Nc3 Bb4 4.e3 O-O 5.Bd3 d5 6.cxd5 exd5 7.Ne2 b6 8.O-O Bb7
9.a3 Bd6 10.b4 a6 11.Qb3 Qe7 12.b5 a5 13.a4 Rd8 14.h3 c5 15.bxc6 Nxc6 16.Nb5 Bb4
17.Bb2 Rac8 18.Bf5 Rb8 19.Rac1 g6 20.Bd3 Ne4 21.Bxe4 Qxe4 22.Ba3 Rbc8 23.Nf4 Ba6
24.Nd3 Bxa3 25.Qxa3 Bxb5 26.axb5 Na7 27.Ne5 Nxb5 28.Qb2 Nd6 29.Qxb6 Ra8 30.Ra1 Nc4
31.Nxc4 dxc4 32.Rxa5 Rab8 33.Qc7 Rdc8 34.Qd7 c3 35.Ra7 Qe6 36.Qxe6 fxe6 37.Rc1 c2
38.Raa1 Rb5 39.Kf1 e5 40.dxe5 Rxe5 41.Ke2 Rc7 42.f4 Rec5 43.Ra3 h5 44.g4 Kf7
45.g5 R5c6 46.Rd3 Kg7 47.h4 Kf7 48.Kd2 Kg7 49.Rd4 Kf7 50.e4 Ke6 51.Rd8 Rc4
52.Ke3 Rc3+ 53.Rd3 R3c4 54.Rd8 Rc3+ 55.Rd3 R3c4 56.Rd8  1/2-1/2